Catálogo

GESTION DE CARTERAS : (Registro nro. 13879)

Detalles MARC
000 -LEADER
fixed length control field 00576nam a2200181 a 4500
001 - CONTROL NUMBER
control field 13879
005 - DATE AND TIME OF LATEST TRANSACTION
control field 20180713202314.0
008 - FIXED-LENGTH DATA ELEMENTS--GENERAL INFORMATION
fixed length control field 140415s1991 000 0 spa d
041 ## - LANGUAGE CODE
Language code of text/sound track or separate title spa
082 ## - DEWEY DECIMAL CLASSIFICATION NUMBER
Classification number 658.151
Item number NEU
100 1# - MAIN ENTRY--PERSONAL NAME
Personal name NEUBAVER, FRANZ-FRIEDRICH
245 10 - TITLE STATEMENT
Title GESTION DE CARTERAS :
Remainder of title EL CONCEPTO DEL BENEFICIO POTENCIAL Y SU APLICACION
260 ## - PUBLICATION, DISTRIBUTION, ETC.
Place of publication, distribution, etc. [s.l.] :
Name of publisher, distributor, etc. MCGRAW-HILL,
Date of publication, distribution, etc. 1991
300 ## - PHYSICAL DESCRIPTION
Extent 135
490 ## - SERIES STATEMENT
Series statement SERIE MCGRAW-HILL DE MANAGEMENT
650 14 - SUBJECT ADDED ENTRY--TOPICAL TERM
Topical term or geographic name entry element ECONOMIA GERENCIAL
General subdivision INVERSIONES DE CAPITAL
700 1# - ADDED ENTRY--PERSONAL NAME
Personal name JIMENEZ LAZCANO, EDUARDO
Relator term tr.
Existencias
Withdrawn status Lost status Source of classification or shelving scheme Damaged status Not for loan Collection code Home library Current library Shelving location Date acquired Source of acquisition Inventory number Total Checkouts Full call number Barcode Date last seen Price effective from Koha item type
    Dewey Decimal Classification     General Biblioteca Karol Wojtyla Biblioteca Karol Wojtyla Sala general 03/12/2013 Compra 151000000000000000022434   658.151 NEU 30875 05/01/2026 03/12/2013 Libro
    Dewey Decimal Classification     General Biblioteca Karol Wojtyla Biblioteca Karol Wojtyla Sala general 03/12/2013 Compra 151000000000000000022435   658.151 NEU 30876 05/01/2026 03/12/2013 Libro